| 000 | 00681nam a2200277Ia 4500 | ||
|---|---|---|---|
| 008 | 171025s9999 xx 000 0 und d | ||
| 020 | _a9781595550026 | ||
| 050 | _a331.8 | ||
| 050 | _bP142 2006 | ||
| 100 | _aPaige, Rod | ||
| 245 | 4 | _aThe war against hope / | |
| 245 | _cby Rod Paige. | ||
| 260 | _aUSA : | ||
| 260 | _bThomas Nelson, | ||
| 260 | _c2006 | ||
| 300 | _a224 pages : | ||
| 300 | _billustrations ; | ||
| 300 | _c24cm. | ||
| 500 | _aIncludes appendix and index. | ||
| 650 | _aEducational change -- | ||
| 650 | _aEducational change. | ||
| 650 | _aTeacher's unions -- | ||
| 650 | _xUnited States. | ||
| 650 | _xUnited States. | ||
| 700 | _aTitle. | ||
| 999 |
_c344721 _d344721 |
||